Catálogo público

El cultivo moderno del manzano / (Record no. 200808)

MARC details
000 -CABECERA
campo de control de longitud fija 00759nam a2200277Ia 4500
001 - NÚMERO DE CONTROL
campo de control Para_2225
003 - IDENTIFICADOR DEL NÚMERO DE CONTROL
campo de control CHAP
008 - DATOS DE LONGITUD FIJA--INFORMACIÓN GENERAL
campo de control de longitud fija 220125s1990 xx 000 0 und d
010 ## - NÚMERO DE CONTROL DE LA BIBLIOTECA DEL CONGRESO
Número de control de LC 200808
040 ## - FUENTE DE LA CATALOGACIÓN
Centro/agencia transcriptor CHAP
082 ## - NÚMERO DE LA CLASIFICACIÓN DECIMAL DEWEY
Número de clasificación PA 634.11 L3
100 ## - ENTRADA PRINCIPAL--NOMBRE DE PERSONA
Nombre de persona Lalatta, Filippo
9 (RLIN) 64522
245 ## - MENCIÓN DE TÍTULO
Título El cultivo moderno del manzano /
Mención de responsabilidad, etc. por Filippo Lalatta
260 ## - PUBLICACIÓN, DISTRIBUCIÓN, ETC.
Lugar de publicación, distribución, etc. Barcelona, España :
Nombre del editor, distribuidor, etc. De Vecchi
300 ## - DESCRIPCIÓN FÍSICA
Extensión 127 p.
650 ## - PUNTO DE ACCESO ADICIONAL DE MATERIA--TÉRMINO DE MATERIA
Término de materia o nombre geográfico como elemento de entrada Manzana
Subdivisión general plagas
9 (RLIN) 70792
650 ## - PUNTO DE ACCESO ADICIONAL DE MATERIA--TÉRMINO DE MATERIA
Término de materia o nombre geográfico como elemento de entrada Manzana
Subdivisión general rendimiento
9 (RLIN) 70802
650 ## - PUNTO DE ACCESO ADICIONAL DE MATERIA--TÉRMINO DE MATERIA
Término de materia o nombre geográfico como elemento de entrada Manzana
Subdivisión general temperatura, efecto en
9 (RLIN) 165656
901 ## - ELEMENTOS DE DATOS A LOCAL LDA (RLIN)
a PA 634.11 L3
902 ## - ELEMENTOS DE DATOS B LOCAL, LDB (RLIN)
a A
905 ## - ELEMENTOS DE DATOS E LOCAL, LDE (RLIN)
a 0000001990 a 0000000000 00
910 ## - DATOS DE OPCIÓN DEL USUARIO (OCLC)
Datos de opción del usuario 1990
942 ## - ELEMENTOS DE PUNTO DE ACCESO ADICIONAL (KOHA)
Tipo de ítem Koha Parasitologia_
942 ## - ELEMENTOS DE PUNTO DE ACCESO ADICIONAL (KOHA)
Tipo de ítem Koha Parasitologia_
-- 1
Holdings
Estado de retiro Estado de pérdida Fuente del sistema de clasificación o colocación Estado dañado No para préstamo Código de colección Localización permanente Ubicación/localización actual Fecha de adquisición Número de inventario Total de préstamos Signatura topográfica completa Código de barras Fecha visto por última vez Número de copia Precio válido a partir de Tipo de ítem Koha Nota pública
    Dewey Decimal Classification     General Parasitologia Agricola Parasitologia Agricola 27/10/2005 (PA_7926) (No. UACh C/E)   PA 634.11 L3 4102003395 25/01/2022 Ej.1 25/01/2022 Libro 3